000 00578nam a22001817a 4500
005 20130819124733.0
010 _aENG-107846
020 _a9789380831770
_c199.00
035 _aEN-91379
037 _bDBAD/PUB
082 _a909.81
100 _aTeja, K.
245 _aHistory of contemporary world since 1919 /
_cby K. Teja
260 _aHyderabad
_bStudentshelpline Publishing House
_c2012
270 _a326/C, Surneni Nilayam, near B K Guda Park, S.R. Nagar,
_bHyderabad
_e500038
300 _avarious pagings
_c22cm(pbk)
942 _2ddc
_cEN
_mTEJ
_h909.81
999 _c77285
_d77285